<?xml version="1.0" encoding="UTF-8"?>
<record
    xmlns:xsi="http://www.w3.org/2001/XMLSchema-instance"
    xsi:schemaLocation="http://www.loc.gov/MARC21/slim http://www.loc.gov/standards/marcxml/schema/MARC21slim.xsd"
    xmlns="http://www.loc.gov/MARC21/slim">

  <leader>01143nam a2200253 i 4500</leader>
  <controlfield tag="001">172531</controlfield>
  <controlfield tag="003">ES-MaACL</controlfield>
  <controlfield tag="005">20250630161158.0</controlfield>
  <controlfield tag="008">090715s1926    sp           |||| | spa d</controlfield>
  <datafield tag="080" ind1=" " ind2=" ">
    <subfield code="a">821.134.2-22"19"</subfield>
  </datafield>
  <datafield tag="080" ind1=" " ind2=" ">
    <subfield code="a">821.111(417)-23"18"</subfield>
  </datafield>
  <datafield tag="100" ind1="1" ind2=" ">
    <subfield code="a">Mart&#xED;nez Sierra, Gregorio,</subfield>
    <subfield code="d">1881-1947</subfield>
    <subfield code="9">78429</subfield>
  </datafield>
  <datafield tag="245" ind1="1" ind2="0">
    <subfield code="a">Sue&#xF1;o de una noche de agosto : </subfield>
    <subfield code="b">novela c&#xF3;mica en tres partes /</subfield>
    <subfield code="c">Gregorio Mart&#xED;nez Sierra . Salom&#xE9; : drama en un acto / Oscar Wilde.</subfield>
  </datafield>
  <datafield tag="246" ind1="3" ind2=" ">
    <subfield code="a">Salom&#xE9; : </subfield>
    <subfield code="b">drama en un acto</subfield>
  </datafield>
  <datafield tag="260" ind1=" " ind2=" ">
    <subfield code="a">Madrid : </subfield>
    <subfield code="b">Siglo XX, </subfield>
    <subfield code="c">1926.</subfield>
  </datafield>
  <datafield tag="300" ind1=" " ind2=" ">
    <subfield code="a">91 p. ; </subfield>
    <subfield code="c">19 cm.</subfield>
  </datafield>
  <datafield tag="490" ind1="1" ind2=" ">
    <subfield code="a">Comedias, 5 de junio de 1926 ; </subfield>
    <subfield code="v">16</subfield>
  </datafield>
  <datafield tag="594" ind1=" " ind2=" ">
    <subfield code="a">Sue&#xF1;o de una noche de agosto: obra en colaboraci&#xF3;n entre Gregorio Mart&#xED;nez Sierra y Mar&#xED;a Lej&#xE1;rraga (Mar&#xED;a Mart&#xED;nez Sierra), estrenada en el Teatro Eslava, de Madrid, el d&#xED;a 20 de noviembre de 1918</subfield>
  </datafield>
  <datafield tag="700" ind1="1" ind2=" ">
    <subfield code="a">Mart&#xED;nez Sierra, Mar&#xED;a,</subfield>
    <subfield code="d">1874-1974</subfield>
    <subfield code="9">78430</subfield>
  </datafield>
  <datafield tag="700" ind1="1" ind2=" ">
    <subfield code="a">Wilde, Oscar, </subfield>
    <subfield code="d">1854-1900</subfield>
    <subfield code="9">241147</subfield>
  </datafield>
  <datafield tag="830" ind1="1" ind2=" ">
    <subfield code="a">Comedias, 5 de junio de 1926 ; </subfield>
    <subfield code="v">16</subfield>
    <subfield code="9">223359</subfield>
  </datafield>
  <datafield tag="852" ind1="4" ind2=" ">
    <subfield code="a">ES-MaACL</subfield>
    <subfield code="j">E-12850     </subfield>
    <subfield code="z">- Biblioteca Jacinto Mart&#xED;nez Lacalle</subfield>
  </datafield>
  <datafield tag="999" ind1=" " ind2=" ">
    <subfield code="c">172531</subfield>
    <subfield code="d">172531</subfield>
  </datafield>
  <datafield tag="952" ind1=" " ind2=" ">
    <subfield code="0">0</subfield>
    <subfield code="1">0</subfield>
    <subfield code="4">0</subfield>
    <subfield code="7">0</subfield>
    <subfield code="a">ATENEOM</subfield>
    <subfield code="b">ATENEOM</subfield>
    <subfield code="c">DEPO2</subfield>
    <subfield code="d">2009-07-15</subfield>
    <subfield code="e">DON</subfield>
    <subfield code="l">0</subfield>
    <subfield code="o">E-12850</subfield>
    <subfield code="p">1181057</subfield>
    <subfield code="r">2023-02-23 00:00:00</subfield>
    <subfield code="w">2023-02-23</subfield>
    <subfield code="y">MONOGRAFIA</subfield>
  </datafield>
</record>
